00404 2200157 4500001002100000005001500021035002000036245005600056100002700112300002600139260002900165082000800194084001400202020001800216990001200234INLIS00000000000310420251001095520 a0010-10250000081 aTales Of Terror & Mystery /cSir Arthur Conan Doyle0 aSir Arthur Conan Doyle a340 hlm ;c14 x 20 cm aJakarta :bBukune,c2012 a800 a800 SIR t a602-220-067-9 a0755522